000 01105nam a2200241Ia 4500
999 _c34725
_d34725
001 512
003 GE_BSU
005 20200124121636.0
008 181216s||||||||xx |||||||||||||| ||und||
020 _a9992880953
040 _cGE_BSU
041 _ageo
080 _a616-091(075.8) ხ-28
100 _aხარძეიშვილი,ომარ
_96354
245 _aზოგადი პათოლოგიური ანატომია
_b[სახელმძღვ. უმაღლ. სასწავლებლების სტუდენტთათვის] /
_cომარ ხარძეიშვილი ; რედ. თამარ დეკანოსიძე.
264 _aთბილისი :
_bმერმისი,
_c2005.
_c2001.
300 _a453 გვ.;
_b20 სმ.
653 _aპათოლოგიური ანატომია
653 _aმედიცინა
653 _aსახელმძღვანელო
700 _aდეკანოსიძე, თამარ
_eრედაქტორი
_96355
942 _cBK
_2udc